| 000 | 01182nam a2200229Ii 4500 | ||
|---|---|---|---|
| 003 | JO-AjNU | ||
| 008 | 230605s9999||||xx |||||||||||||| ||und|| | ||
| 017 | _a2005/8/1837 | ||
| 040 |
_aJO-AjNU _bara _erda _cJO-AjNU |
||
| 041 | _aara | ||
| 050 | 1 | 4 | _aBF408.U73 2006 |
| 100 | 3 |
_aتأليف العريمي، ايمن؛ التدقيق اللغوي سامي صقر, _eauthor _961058 |
|
| 245 | 0 | 0 | _aزيادة قدراتك الذهنية وتفعيل طاقاتك الكامنة |
| 250 | _aالطبعة الاولى | ||
| 264 | 3 | 1 | _aعمان: دار عالم الثقافة للنشر والتوزيع، دار الاسرة للنشر والتوزيع، 2006 |
| 300 |
_a152ص _bيحتوي على صور توضيحية / مكتبة الاسرة القراءه للجميع 2006 / عمان: وزارة الثقافة ويحتوي على قائمة مراجع من ص147-ص152 |
||
| 336 |
_atext _btxt _2rdacontent |
||
| 337 |
_aunmediated _bn _2rdamedia |
||
| 338 |
_avolume _bnc _2rdacarrier |
||
| 490 | 0 | _aسلسلة البرمجة النفسية الذهنية | |
| 650 | 4 |
_aالعمليات العقلية الذهنية-الذكاء -تطور الشخصية-النمو _961059 |
|
| 999 |
_aA27575 _c31143 _d31143 |
||